La red de documentación en educación para América latina -REDUC-: Organización, efectos y perspectivas
Guardat en:
| Autor principal: | |
|---|---|
| Format: | Llibre |
| Idioma: | espanyol |
| Publicat: |
Santiago
CIDE
1983
|
| Col·lecció: | Documentos de trabajo, 2
|
| Matèries: | |
| Etiquetes: |
Afegir etiqueta
Sense etiquetes, Sigues el primer a etiquetar aquest registre!
|
MARC
| LEADER | 00000nam a2200000 a 4500 | ||
|---|---|---|---|
| 001 | UCY5715 | ||
| 003 | CL-VaPUC | ||
| 008 | 950512e19830000CL |||||||||||||||||spa|d | ||
| 082 | 0 | 4 | |a 384.540 |b INF |2 21 |
| 100 | |a Infante Roldán, María Isabel |e author |9 562504 | ||
| 245 | 1 | 3 | |a La red de documentación en educación para América latina -REDUC-: Organización, efectos y perspectivas |
| 300 | |a 40 p | ||
| 942 | |c BK | ||
| 945 | |d 19950512 00:00:00 |a cmena | ||
| 260 | |a Santiago |b CIDE |c 1983 | ||
| 600 | 0 | 7 | |a RED LATINOAMERICANA DE DOCUMENTACION EN EDUCACION |2 CL-VaPUC |9 334844 |
| 600 | 0 | 7 | |a REDUC |2 CL-VaPUC |9 334845 |
| 650 | 0 | |a Redes informáticas |9 334846 | |
| 650 | 7 | |a SISTEMAS DE INFORMACION EN LINEA |2 CL-VaPUC |9 334847 | |
| 650 | 7 | |a SERVICIOS BIBLIOGRAFICOS |2 CL-VaPUC |9 334848 | |
| 651 | 0 | |a América Latina |9 255027 | |
| 583 | |a last modification |c 20120601 11:14:33 |k Rodrigo Vera | ||
| 490 | 0 | |a Documentos de trabajo, 2 | |
| 999 | |c 233341 |d 233339 | ||
| 952 | |0 0 |1 0 |4 0 |6 384_540000000000000_INF_1983 |7 0 |8 P |9 238789 |a BIBEDU |b BIBEDU |c BIBEDU_PB |d 2019-11-18 |i 150035K |o 384.540 INF 1983 |p 150035K |r 2024-01-25 |w 2019-11-18 |y BK |k EDU | ||